01030cam a22002651 450000100060000000300080000600500170001400800410003103500200007203500190009204000630011104100160017408200260019024501070021626000520032330000270037550000230040250400410042550501640046665000380063065000210066865000220068970000360071170000170074721988BD-RjUL20211209000744.0140306r19531941enk b 000 0 eng c a(BD-RjUL) 22053 a(OCoLC)5331826 aHarvard Univ. LibrarycOCldOCoLCdDCHSdDLCdBD-RjULbeng1 aenggrchgrc a885.008bMIN V-1 195300aMinor Attic orators /cwith an English translation by K. J. Maidment.nVolume I :pAntiphon, Andocides aLondon :bWilliam heinemann,c[Reprinted 1953]. axiii, 308 p. ;c17 cm. aGreek and English. aIncludes bibliographical references.0 a1. Antiphon. Andocides. With an English translation by K. J. Maidment.--2. Lycurgus. Dinarchus. Demades. Hyperides. With an English translation by J. O. Burtt. 0aSpeeches, addresses, etc., Greek. 0aOratorszGreece. 0aOratory, Ancient.1 aMaidment, K. J.q(Kenneth John)1 aBurtt, J. O.